| 000 | 00000nam##2200000za#4500 |
| 001 | 9.601437 |
| 003 | CaOODSP |
| 005 | 20220623094113 |
| 007 | cr ||||||||||| |
| 008 | 150406|1995||||xxc|||||o f|0| 0 fre|d |
| 040 | |aCaOODSP|bfre |
| 043 | |an-cn--- |
| 086 | 1 |aC21-23/5F-PDF |
| 110 | 1 |aCanada. |bIndustrie Canada. |
| 245 | 13|aLa compétitivité : notions et mesures : |h[ressource électronique]|bdocument hors-série n° 5, avril 1995 / |cpar Donald G. McFetridge. |
| 260 | |aOttawa - Ontario : |bIndustrie Canada |cAvril 1995. |
| 300 | |a43p.|bréférences |
| 490 | 1 |aDocument hors série|vN° 5 |
| 590 | |a11-09-Supp|b2011-06-30 |
| 720 | 1 |aMcFetridge, Donald G. |
| 775 | 08|tCompetitiveness - concepts and measures : |w(CaOODSP)9.570791 |
| 776 | 0#|tCompetitiveness: concepts and measures / |w(CaOODSP)9.525764 |
| 776 | 0#|tLa compétitivité: notions et mesures / |w(CaOODSP)9.525765 |
| 830 | #0|aDocument hors série (Canada. Industrie Canada)|vN° 5|w(CaOODSP)9.501162 |
| 856 | 40|ahttp://publications.gc.ca|qPDF|s137 Ko|uhttps://publications.gc.ca/collections/Collection/C21-23-5F.pdf|yN° 5 |